[Event "II Scaccomatto A"]
[Site "Torino ITA"]
[Date "1998.04.26"]
[Round "2"]
[White "Velikov, Petar V."]
[Black "Aldrovandi, Costantino"]
[Result "1-0"]
[WhiteElo "2475"]
[BlackElo "2235"]
[PlyCount "113"]
[EventDate "1998.04.25"]

1.Nf3 Nf6 2.c4 g6 3.d4 Bg7 4.Nc3 O-O 5.Bg5 h6 6.Bh4 c5 7.e3 d6 8.Be2 g5 9.
Bg3 Nh5 10.Qc2 cxd4 11.Nxd4 Nxg3 12.hxg3 Nc6 13.Rd1 Nxd4 14.exd4 Qa5 15.
Bd3 f5 16.g4 fxg4 17.Rd2 Bf5 18.Bxf5 Qxf5 19.Qxf5 Rxf5 20.Nd5 Re8 21.g3 e5
22.Re2 Kh7 23.Ne3 Rff8 24.dxe5 dxe5 25.Nxg4 Kg6 26.O-O h5 27.Ne3 Rd8 28.
Nd5 g4 29.Rd1 Kg5 30.Red2 Rf7 31.a4 Bf8 32.Re2 Re8 33.b4 a5 34.bxa5 Bc5 
35.Nc3 Bd4 36.Ne4+ Kg6 37.Nd6 Ra8 38.Nxf7 Kxf7 39.Rb1 Rxa5 40.Rxb7+ Kf6 
41.Ra2 h4 42.Kh2 h3 43.Rb5 Ra6 44.c5 Kf5 45.a5 Ke4 46.Rb6 Ra8 47.Rg6 Kf5 
48.Rc6 Ke4 49.a6 Kf5 50.Rc7 e4 51.Rf7+ Kg5 52.c6 e3 53.fxe3 Bxe3 54.c7 Kg6
55.Re7 Bc5 56.Re6+ Kf5 57.Rc6 1-0

[Event "II Scaccomatto A"]
[Site "Torino ITA"]
[Date "1998.04.27"]
[Round "3"]
[White "Aldrovandi, Costantino"]
[Black "Castaldo, Folco"]
[Result "1/2-1/2"]
[WhiteElo "2235"]
[BlackElo "2155"]
[PlyCount "94"]
[EventDate "1998.04.25"]

1.e4 e6 2.d4 d5 3.e5 c5 4.c3 Nc6 5.Nf3 Bd7 6.Be2 Nge7 7.Na3 cxd4 8.cxd4 
Nf5 9.Nc2 Qb6 10.O-O a5 11.Rb1 Be7 12.g4 Nh4 13.Nxh4 Bxh4 14.Be3 Be7 15.b3
Nb4 16.Nxb4 axb4 17.Qd2 Bb5 18.Rbc1 O-O 19.Bxb5 Qxb5 20.Rc7 Bd8 21.Rc5 Qa6
22.Rc2 Qb5 23.f4 f5 24.g5 Be7 25.Rfc1 Rfd8 26.Rc7 Bf8 27.h4 Rd7 28.R7c2 
Rdd8 29.h5 Ra6 30.g6 h6 31.Bf2 Rc6 32.Bh4 Rdc8 33.Rxc6 Rxc6 34.Rc2 Qb6 35.
Bf2 Be7 36.Kf1 Qc7 37.Rxc6 bxc6 38.Qc2 Qb6 39.Ke1 Qb5 40.Qe2 Qxe2+ 41.Kxe2
Kf8 42.Kd3 Ke8 43.Kc2 Kd7 44.Be1 Kc7 45.Bf2 Kb6 46.Kd3 Kb5 47.Be1 Kb6 
1/2-1/2

[Event "II Scaccomatto A"]
[Site "Torino ITA"]
[Date "1998.04.27"]
[Round "3"]
[White "Barbiso, Tiziana"]
[Black "Racioppo, Paolo"]
[Result "0-1"]
[WhiteElo "1840"]
[BlackElo "2235"]
[PlyCount "98"]
[EventDate "1998.04.25"]

1.e4 c5 2.c3 a6 3.d4 cxd4 4.cxd4 d5 5.exd5 Nf6 6.Bc4 Nbd7 7.d6 e6 8.Bf4 
Nb6 9.Bb3 Bxd6 10.Bxd6 Qxd6 11.Nf3 O-O 12.Nc3 Rd8 13.O-O Bd7 14.Ne5 Be8 
15.Ne2 Rac8 16.f4 Bb5 17.Kh1 Nbd5 18.Rf3 Rc7 19.Nc3 Bc6 20.Nxc6 Rxc6 21.
Ne2 Rdc8 22.Qd3 Nb4 23.Qd1 g6 24.a3 Nbd5 25.Qd3 b5 26.g3 Nb6 27.Rff1 Nc4 
28.Bxc4 bxc4 29.Qf3 Rb6 30.Rab1 Rb3 31.Nc3 Qxd4 32.Rfd1 Qc5 33.Qe2 Rcb8 
34.Rdc1 Qc6+ 35.Kg1 Qb6+ 36.Kh1 Qc6+ 37.Kg1 h5 38.Nd1 Qc5+ 39.Kh1 Rc8 40.
Rc2 Qd5+ 41.Kg1 Qd4+ 42.Qf2 Qd3 43.Rbc1 Ne4 44.Qe2 Qd4+ 45.Kg2 Rd3 46.Nf2 
Nxf2 47.Qxf2 Qe4+ 48.Kg1 Rcd8 49.Rxc4 Rd1+ 0-1

[Event "II Scaccomatto A"]
[Site "Torino ITA"]
[Date "1998.04.27"]
[Round "3"]
[White "Burlando, Alessandro"]
[Black "Astengo, Corrado"]
[Result "1/2-1/2"]
[WhiteElo "2112"]
[BlackElo "2180"]
[PlyCount "60"]
[EventDate "1998.04.25"]

1.d4 Nf6 2.c4 e6 3.Nf3 b6 4.a3 Bb7 5.Nc3 d5 6.cxd5 Nxd5 7.e3 Nd7 8.Bd3 Be7
9.O-O O-O 10.Qc2 Nxc3 11.bxc3 f5 12.e4 g6 13.Bh6 Re8 14.exf5 exf5 15.Bc4+ 
Kh8 16.Bf7 Bxf3 17.gxf3 Bd6 18.Bxe8 Qh4 19.Rfe1 Qxh2+ 20.Kf1 Qh1+ 21.Ke2 
Rxe8+ 22.Be3 Qh4 23.Qa4 Re7 24.Rh1 Qf6 25.Kf1 f4 26.Bc1 Qf5 27.Qd1 Qb5+ 
28.Kg2 Qg5+ 29.Kf1 Qb5+ 30.Kg2 Qg5+ 1/2-1/2

[Event "II Scaccomatto A"]
[Site "Torino ITA"]
[Date "1998.04.27"]
[Round "3"]
[White "Cacco, Christian"]
[Black "Ragni, Paolo"]
[Result "1-0"]
[WhiteElo "2180"]
[BlackElo "2028"]
[PlyCount "101"]
[EventDate "1998.04.25"]

1.d4 Nf6 2.Nf3 e6 3.Bg5 d5 4.c4 Be7 5.Nc3 O-O 6.e3 Nbd7 7.Rc1 c6 8.Bd3 
dxc4 9.Bxc4 Nd5 10.Bxe7 Qxe7 11.O-O Nxc3 12.Rxc3 e5 13.d5 e4 14.Nd4 cxd5 
15.Bxd5 Nf6 16.Bc4 a6 17.a4 Bg4 18.Be2 Bxe2 19.Qxe2 Rac8 20.Rfc1 Qd7 21.b3
Rxc3 22.Rxc3 Rc8 23.Qc2 Rxc3 24.Qxc3 Nd5 25.Qc5 Qc7 26.Qxc7 Nxc7 27.Nf5 
Ne8 28.Kf1 g6 29.Ne7+ Kf8 30.Nc8 f5 31.Ke2 Kf7 32.f3 Ke6 33.Kd2 Nf6 34.Nb6
g5 35.Nc4 Kd5 36.Na3 exf3 37.gxf3 Nd7 38.Nc2 Ne5 39.Nd4 g4 40.Ke2 gxf3+ 
41.Nxf3 Nxf3 42.Kxf3 Ke5 43.a5 h6 44.h3 Kf6 45.Kf4 Ke6 46.e4 fxe4 47.Kxe4 
Kf6 48.Kd5 Ke7 49.h4 Kd7 50.h5 Ke7 51.Ke5 1-0

[Event "II Scaccomatto A"]
[Site "Torino ITA"]
[Date "1998.04.27"]
[Round "3"]
[White "David, Alberto"]
[Black "Lanzani, Mario"]
[Result "1-0"]
[WhiteElo "2525"]
[BlackElo "2375"]
[PlyCount "81"]
[EventDate "1998.04.25"]

1.e4 e5 2.Nf3 Nc6 3.Bb5 a6 4.Ba4 Nf6 5.Qe2 b5 6.Bb3 Bc5 7.a4 Rb8 8.axb5 
axb5 9.O-O O-O 10.c3 d5 11.exd5 Nxd5 12.Qe4 Nce7 13.Nxe5 Bb7 14.d4 Bd6 15.
Qg4 Nf6 16.Qh3 Bc8 17.Qf3 Bb7 18.Qh3 Bc8 19.Qf3 Bb7 20.Qe2 Nfd5 21.Nd2 Nf4
22.Qg4 Bxe5 23.dxe5 Neg6 24.Ne4 Qd3 25.Ng3 Nxg2 26.f4 Ne3 27.Rf3 Nxg4 28.
Rxd3 Nh4 29.h3 Nh6 30.Ra7 c5 31.Rd6 c4 32.Bc2 g6 33.Kf2 Bc8 34.Ne4 Bf5 35.
Nf6+ Kg7 36.Bd1 Rfd8 37.Ng4 Rxd6 38.exd6 Rd8 39.Be3 Nxg4+ 40.hxg4 Bd7 41.
Bd4+ 1-0

[Event "II Scaccomatto A"]
[Site "Torino ITA"]
[Date "1998.04.27"]
[Round "3"]
[White "Dorfman, Iossif D."]
[Black "Velikov, Petar V."]
[Result "1/2-1/2"]
[WhiteElo "2600"]
[BlackElo "2475"]
[PlyCount "83"]
[EventDate "1998.04.25"]

1.c4 c5 2.Nf3 Nf6 3.Nc3 e6 4.g3 b6 5.Bg2 Bb7 6.O-O d6 7.e3 Nbd7 8.d4 Ne4 
9.Bd2 Be7 10.d5 Nxc3 11.Bxc3 e5 12.a4 O-O 13.e4 Bf6 14.Ne1 Bc8 15.Nd3 Rb8 
16.Qd2 Re8 17.Bh3 a5 18.Rae1 Rb7 19.Re2 Nf8 20.Bxc8 Qxc8 21.f4 Qd8 22.f5 
Bg5 23.Qd1 h5 24.h4 Bh6 25.Rg2 g6 26.Be1 Nh7 27.g4 hxg4 28.Qxg4 Nf6 29.Qf3
Kg7 30.fxg6 fxg6 31.Qf5 Be3+ 32.Kh1 Nh7 33.Qxg6+ Kh8 34.Rf3 Bd4 35.h5 Rf8 
36.Rf5 Rg8 37.Qxg8+ Qxg8 38.Rxg8+ Kxg8 39.h6 Be3 40.Bh4 Bxh6 41.Ne1 Rg7 
42.Nf3 1/2-1/2

[Event "II Scaccomatto A"]
[Site "Torino ITA"]
[Date "1998.04.27"]
[Round "3"]
[White "Dubois, Martine"]
[Black "Ravagnani, Tiziano"]
[Result "0-1"]
[WhiteElo "2060"]
[BlackElo "2015"]
[PlyCount "92"]
[EventDate "1998.04.25"]

1.e4 c5 2.c3 d5 3.exd5 Qxd5 4.d4 Nc6 5.Nf3 Bg4 6.Be2 O-O-O 7.c4 Qh5 8.d5 
e6 9.Nc3 Nf6 10.Qa4 exd5 11.cxd5 Nxd5 12.Nxd5 Rxd5 13.h3 f5 14.O-O Bd6 15.
Bf4 Nd4 16.Nxd4 Rxd4 17.Qxd4 cxd4 18.Rac1+ Kd8 19.hxg4 Qg6 20.gxf5 Qf6 21.
Bxd6 Qxd6 22.Bf3 Re8 23.Bxb7 d3 24.Bf3 d2 25.Rc6 Qd3 26.Re6 Rxe6 27.fxe6 
Ke7 28.Bg4 Qe4 29.Bd1 Kxe6 30.g3 Kf6 31.b3 g5 32.f4 Qe3+ 33.Kg2 Kg7 34.
fxg5 Qxg5 35.Rf4 h5 36.Kh3 Qd5 37.Kh2 Qe5 38.Rf1 Kh6 39.Kg1 Qxg3+ 40.Kh1 
h4 41.Bc2 Qe1 42.Rg1 Qc1 43.Bd1 Qc3 44.Kh2 Qe3 45.Bc2 Qe5+ 46.Kh3 Qc3+ 0-1

[Event "II Scaccomatto A"]
[Site "Torino ITA"]
[Date "1998.04.27"]
[Round "3"]
[White "Luther, Thomas"]
[Black "Romanishin, Oleg M."]
[Result "1/2-1/2"]
[WhiteElo "2510"]
[BlackElo "2570"]
[PlyCount "85"]
[EventDate "1998.04.25"]

1.e4 e5 2.Nf3 Nc6 3.Bb5 a6 4.Ba4 Nf6 5.O-O Be7 6.Re1 d6 7.Bxc6+ bxc6 8.d4 
exd4 9.Nxd4 Bd7 10.Nc3 O-O 11.Qd3 Re8 12.b3 Ng4 13.Nf3 Bf6 14.Bf4 Bxc3 15.
Qxc3 Qf6 16.Qxf6 Nxf6 17.e5 Nh5 18.Bd2 f6 19.exf6 Nxf6 20.Ba5 Rac8 21.
Rxe8+ Bxe8 22.Re1 Bd7 23.Kf1 h6 24.c4 c5 25.Nd2 Kf7 26.f3 Bc6 27.Kf2 Nh5 
28.g3 Nf6 29.g4 Nd7 30.Bc3 Nf8 31.f4 g6 32.Kg3 Ne6 33.Nf3 Re8 34.Re3 Bxf3 
35.Rxf3 Nd4 36.Rd3 Re2 37.Bxd4 cxd4 38.Rxd4 Rxa2 39.c5 Ra3 40.cxd6 Rxb3+ 
41.Kh4 cxd6 42.Rxd6 Rf3 43.Rxa6 1/2-1/2

[Event "II Scaccomatto A"]
[Site "Torino ITA"]
[Date "1998.04.27"]
[Round "3"]
[White "Magnifico, Giuseppe"]
[Black "Lampic, Teo"]
[Result "1/2-1/2"]
[WhiteElo "1906"]
[BlackElo "2295"]
[PlyCount "140"]
[EventDate "1998.04.25"]

1.d4 d6 2.c4 e5 3.dxe5 dxe5 4.Qxd8+ Kxd8 5.Nc3 c6 6.e4 Be6 7.Nf3 f6 8.b3 
Nd7 9.Bd3 g5 10.h3 h5 11.Bb2 a5 12.O-O-O Bc5 13.Rd2 Kc7 14.Nd1 a4 15.Bc2 
Ne7 16.Re2 Ng6 17.g3 g4 18.Ng1 h4 19.Ne3 hxg3 20.fxg3 axb3 21.axb3 gxh3 
22.Nf5 Bxg1 23.Rxg1 Rag8 24.Rh1 Bxf5 25.exf5 Ne7 26.Re3 h2 27.Bc3 Rh3 28.
Be1 Rgh8 29.Kd2 Nb6 30.g4 Nd7 31.Bf2 c5 32.Be4 Nc6 33.Bg2 R3h7 34.Bxc6 
Kxc6 35.Ke2 Rg8 36.Kf3 e4+ 37.Rxe4 Ne5+ 38.Kg3 Rhg7 39.Rxh2 Nxg4 40.Rh4 
Ne5+ 41.Kf4 Rg2 42.Re2 Re8 43.Rd2 b6 44.Be3 Rg7 45.Ra2 Rh8 46.Rah2 Rxh4+ 
47.Rxh4 Rg2 48.Bc1 Rc2 49.Be3 Rc3 50.Bd2 Rxb3 51.Rh6 Nxc4 52.Rxf6+ Kd5 53.
Rf8 Kd6 54.Be1 Ne3 55.Bg3 Ke7 56.Rg8 Kf7 57.Rb8 Nd5+ 58.Ke5 Ne7 59.Kf4 Rb1
60.Rb7 Ke8 61.Bh4 Rb4+ 62.Kg5 Nxf5 63.Kxf5 Rxh4 64.Rxb6 Kd7 65.Ke5 Rd4 66.
Ra6 Kc7 67.Rh6 Kb7 68.Rg6 Rd1 69.Ke4 c4 70.Ke3 Rd3+ 1/2-1/2

[Event "II Scaccomatto A"]
[Site "Torino ITA"]
[Date "1998.04.27"]
[Round "3"]
[White "Mollero, Michele"]
[Black "Sebastianelli, Diego"]
[Result "0-1"]
[WhiteElo "2135"]
[BlackElo "2345"]
[PlyCount "100"]
[EventDate "1998.04.25"]

1.d4 Nf6 2.c4 e6 3.Nf3 b6 4.a3 Ba6 5.Qc2 Bb7 6.Nc3 c5 7.e4 cxd4 8.Nxd4 Nc6
9.Nxc6 Bxc6 10.Be2 Qc7 11.O-O Be7 12.Be3 O-O 13.f4 Bc5 14.Bxc5 bxc5 15.e5 
Ne8 16.Bf3 Rd8 17.Rad1 f6 18.Bxc6 Qxc6 19.Nb5 Qb7 20.Rf3 fxe5 21.Rh3 e4 
22.Qf2 d5 23.Qxc5 Qb6 24.Qxb6 axb6 25.cxd5 exd5 26.Nc3 Nf6 27.Nb5 Rc8 28.
a4 Rc4 29.b3 Rc2 30.g4 Nxg4 31.Rxd5 e3 32.Nd4 Rd2 33.Rg3 e2 34.Nxe2 Rxd5 
35.Rxg4 Rd3 36.b4 Re8 37.Ng3 Rd2 38.f5 Re1+ 39.Nf1 Ra1 40.a5 bxa5 41.bxa5 
Rdd1 42.Rf4 Rxa5 43.Rf2 Kf7 44.Kg2 Rda1 45.Ng3 R1a2 46.Rxa2 Rxa2+ 47.Kh3 
Rf2 48.Ne4 Rf4 49.Ng3 Ke7 50.Nh5 Rxf5 0-1

[Event "II Scaccomatto A"]
[Site "Torino ITA"]
[Date "1998.04.27"]
[Round "3"]
[White "Mordiglia, Riccardo"]
[Black "Ranieri, Fabrizio"]
[Result "1-0"]
[WhiteElo "2115"]
[BlackElo "2195"]
[PlyCount "65"]
[EventDate "1998.04.25"]

1.Nc3 d5 2.e4 d4 3.Nce2 e5 4.Ng3 Be6 5.Nf3 Nd7 6.c3 c5 7.Bb5 Bd6 8.b4 cxb4
9.cxd4 Bg4 10.Bb2 exd4 11.Bxd4 f6 12.h3 Be6 13.Nh5 Qe7 14.Be3 Nh6 15.O-O 
O-O 16.Nd4 Nf7 17.f4 Nc5 18.f5 Bd7 19.Bxd7 Qxd7 20.Rc1 Nd8 21.Qg4 Nd3 22.
Bh6 Rf7 23.Bxg7 Ne5 24.Qh4 Bc5 25.Rxc5 Qxd4+ 26.Kh1 Qxc5 27.Qg3 Ng6 28.
fxg6 hxg6 29.Qxg6 Qxh5 30.Qxh5 Rxg7 31.Rxf6 Nf7 32.e5 Re8 33.e6 1-0

[Event "II Scaccomatto A"]
[Site "Torino ITA"]
[Date "1998.04.27"]
[Round "3"]
[White "Rossi, Carlo"]
[Black "Faraoni, Enrico"]
[Result "1/2-1/2"]
[WhiteElo "2330"]
[BlackElo "2190"]
[PlyCount "96"]
[EventDate "1998.04.25"]

1.Nf3 g6 2.e4 d6 3.h3 Nf6 4.c3 Bg7 5.Qc2 c5 6.d4 cxd4 7.cxd4 O-O 8.Nc3 Nc6
9.d5 Nb4 10.Qa4 a5 11.Bb5 Nd7 12.a3 Nc5 13.Qd1 Nba6 14.O-O Nc7 15.Bc4 b5 
16.Nxb5 Nxb5 17.Bxb5 Rb8 18.a4 Bd7 19.Qe2 Bxb5 20.axb5 Qb6 21.Bg5 Rfe8 22.
Qe3 Qxb5 23.Bh6 Qd3 24.Qxd3 Nxd3 25.Bxg7 Kxg7 26.Rxa5 Rxb2 27.Ra3 Nc5 28.
Re1 e6 29.dxe6 Rxe6 30.Rae3 Rb4 31.Ng5 Re8 32.e5 h6 33.Nf3 dxe5 34.Nxe5 
Ne6 35.g3 Rb7 36.h4 Nd4 37.Re4 Nf5 38.Nf3 Rbe7 39.Rxe7 Rxe7 40.Rd1 h5 41.
Rd8 Nh6 42.Rd2 Ng4 43.Kg2 Nh6 44.Ng5 Ng4 45.Nh3 Kh6 46.Nf4 Kg7 47.Ra2 Nh6 
48.Ra5 Ng4 1/2-1/2

[Event "II Scaccomatto A"]
[Site "Torino ITA"]
[Date "1998.04.27"]
[Round "3"]
[White "Sacchini, Michele"]
[Black "Malano, Francesco"]
[Result "1-0"]
[WhiteElo "2030"]
[BlackElo "2050"]
[PlyCount "76"]
[EventDate "1998.04.25"]

1.d4 c5 2.d5 e5 3.e4 d6 4.Nc3 a6 5.a4 g6 6.Be2 Ne7 7.Nf3 Bg7 8.O-O O-O 9.
Nd2 f5 10.Nc4 Qc7 11.Ra3 Nd7 12.Bg5 Nf6 13.f4 Ne8 14.fxe5 Bxe5 15.Nxe5 
dxe5 16.Qe1 b6 17.Qh4 Ra7 18.Nd1 Nd6 19.Rh3 Rf7 20.Ne3 Nxe4 21.Ng4 Kh8 22.
Nh6 Rf8 23.Qxe4 Qd6 24.Qh4 Nxd5 25.Bc4 Nf6 26.Rd3 Qc6 27.Rfd1 Bb7 28.Bxf6+
Qxf6 29.Qxf6+ Rxf6 30.Rd8+ Kg7 31.Ng8 Bc6 32.Nxf6 Bxa4 33.Nd7 Bxc2 34.Rd2 
Be4 35.Nxe5 b5 36.Bd5 Bxd5 37.R2xd5 Kf6 38.h4 c4 1-0

[Event "II Scaccomatto A"]
[Site "Torino ITA"]
[Date "1998.04.27"]
[Round "3"]
[White "Sarno, Spartaco"]
[Black "Arlandi, Ennio"]
[Result "1/2-1/2"]
[WhiteElo "2375"]
[BlackElo "2425"]
[PlyCount "106"]
[EventDate "1998.04.25"]

1.d4 Nf6 2.c4 e6 3.Nf3 d5 4.Nc3 Be7 5.Bg5 O-O 6.e3 h6 7.Bxf6 Bxf6 8.Qd2 b6
9.O-O-O Bb7 10.cxd5 exd5 11.g4 g6 12.h4 Bg7 13.h5 g5 14.Bd3 Nd7 15.Bb1 Re8
16.Qc2 Rc8 17.Nb5 Qf6 18.Qh7+ Kf8 19.Qf5 a6 20.Nc3 Rcd8 21.Rhf1 c5 22.Qxf6
Nxf6 23.Bf5 Ne4 24.Nxe4 dxe4 25.Ne5 Bxe5 26.dxe5 Rd5 27.e6 fxe6 28.Bg6 
Red8 29.Rxd5 Bxd5 30.f4 exf3 31.e4 Bxa2 32.Rxf3+ Kg7 33.Rf7+ Kg8 34.Kc2 c4
35.e5 b5 36.Rb7 Rd5 37.Bf7+ Kf8 38.Bxe6 Bb3+ 39.Kc3 Rxe5 40.Bf5 Rd5 41.Kb4
Rd2 42.Rb6 Rxb2 43.Rxa6 Bd1+ 44.Kc5 c3 45.Kd4 c2 46.Ra8+ Ke7 47.Ke5 Bf3 
48.Rc8 c1=Q 49.Rxc1 Re2+ 50.Kd4 Rg2 51.Ke5 Re2+ 52.Kd4 Rg2 53.Ke5 Re2+ 
1/2-1/2

[Event "II Scaccomatto A"]
[Site "Torino ITA"]
[Date "1998.04.27"]
[Round "3"]
[White "Sedina, Elena"]
[Black "Sulava, Nenad"]
[Result "1-0"]
[WhiteElo "2380"]
[BlackElo "2450"]
[PlyCount "92"]
[EventDate "1998.04.25"]

1.e4 c5 2.Nf3 e6 3.d4 cxd4 4.Nxd4 Nf6 5.Nc3 d6 6.g4 Nc6 7.g5 Nd7 8.Be3 Be7
9.h4 O-O 10.Qe2 Rb8 11.O-O-O Nxd4 12.Bxd4 b5 13.f4 b4 14.Nb1 Re8 15.Qg2 
Qc7 16.Nd2 e5 17.fxe5 dxe5 18.Be3 Bc5 19.Bxc5 Nxc5 20.Bc4 Be6 21.h5 Rec8 
22.g6 Bxc4 23.Nxc4 b3 24.axb3 Nxb3+ 25.cxb3 Rxb3 26.Qc2 Rb4 27.b3 a5 28.
Rh2 a4 29.Nd6 axb3 30.gxf7+ Kf8 31.Qxc7 Rxc7+ 32.Kb1 Ra7 33.Rc1 Rb8 34.Rd2
Rd7 35.Rcd1 Ra8 36.Nc4 Rxd2 37.Rxd2 Kxf7 38.Nxe5+ Ke6 39.Nc4 Ra4 40.Rd6+ 
Ke7 41.Rd4 g5 42.hxg6 hxg6 43.Kb2 Rb4 44.Kc3 Rb8 45.Rd2 g5 46.Rb2 Rf8 1-0

[Event "II Scaccomatto A"]
[Site "Torino ITA"]
[Date "1998.04.27"]
[Round "3"]
[White "Spinelli, Doriano"]
[Black "Cebalo, Miso"]
[Result "0-1"]
[WhiteElo "2200"]
[BlackElo "2515"]
[PlyCount "66"]
[EventDate "1998.04.25"]

1.d4 Nf6 2.Nf3 g6 3.Nc3 d6 4.Bf4 c6 5.e3 Bg7 6.h3 O-O 7.Be2 b5 8.Nd2 a5 9.
a4 b4 10.Nce4 Nd5 11.Bg3 f5 12.Ng5 e5 13.Ngf3 e4 14.Nh2 g5 15.Bc4 f4 16.
Nxe4 fxg3 17.Nxg3 Ba6 18.Qd3 Bxc4 19.Qxc4 Kh8 20.Ng4 Ra7 21.O-O-O Raf7 22.
Qd3 Nd7 23.h4 gxh4 24.Rxh4 Qxh4 25.Rh1 Qxh1+ 26.Nxh1 N7f6 27.Nh2 Bh6 28.
Ng3 Rg7 29.Kb1 Bxe3 30.Nf5 Rxg2 31.fxe3 Rxh2 32.e4 Rh1+ 33.Ka2 b3+ 0-1

[Event "II Scaccomatto A"]
[Site "Torino ITA"]
[Date "1998.04.27"]
[Round "3"]
[White "Squarci, Franco"]
[Black "Crea, Vincenzo"]
[Result "1/2-1/2"]
[WhiteElo "1948"]
[BlackElo "2120"]
[PlyCount "43"]
[EventDate "1998.04.25"]

1.d4 d5 2.c4 c6 3.Nf3 Nf6 4.Nc3 a6 5.cxd5 cxd5 6.Bf4 Nc6 7.e3 Bg4 8.Be2 e6
9.O-O Bd6 10.Bxd6 Qxd6 11.h3 Bxf3 12.Bxf3 b5 13.a3 O-O 14.b4 Rfc8 15.Rc1 
Na7 16.Ne2 Rxc1 17.Qxc1 Rc8 18.Qb2 Rc6 19.Rc1 Rxc1+ 20.Qxc1 Qc6 21.Qxc6 
Nxc6 22.Nc3 1/2-1/2

[Event "II Scaccomatto A"]
[Site "Torino ITA"]
[Date "1998.04.27"]
[Round "3"]
[White "Valenti, Giuseppe"]
[Black "Fittante, Giuliana"]
[Result "1-0"]
[WhiteElo "2210"]
[BlackElo "2095"]
[PlyCount "47"]
[EventDate "1998.04.25"]

1.e4 e5 2.Nf3 Nf6 3.Nxe5 d6 4.Nf3 Nxe4 5.d4 d5 6.Bd3 Be7 7.O-O Nc6 8.Re1 
Bg4 9.c4 Nf6 10.cxd5 Nxd5 11.Nc3 Nxc3 12.bxc3 O-O 13.Rb1 Rb8 14.d5 Na5 15.
Qe2 Bxf3 16.Qxf3 Bd6 17.Qh5 g6 18.Qh6 Re8 19.Bg5 Qd7 20.Bf6 Bf8 21.Qg5 c6 
22.Bd4 Qd8 23.Qf4 cxd5 24.Rxe8 1-0

[Event "II Scaccomatto A"]
[Site "Torino ITA"]
[Date "1998.04.28"]
[Round "4"]
[White "Arlandi, Ennio"]
[Black "Valenti, Giuseppe"]
[Result "1/2-1/2"]
[WhiteElo "2425"]
[BlackElo "2210"]
[PlyCount "113"]
[EventDate "1998.04.25"]

1.d4 Nf6 2.c4 e6 3.Nc3 Bb4 4.Qc2 c5 5.dxc5 O-O 6.a3 Bxc5 7.Nf3 Nc6 8.Bg5 
Nd4 9.Nxd4 Bxd4 10.e3 Qa5 11.exd4 Qxg5 12.Qd2 Qxd2+ 13.Kxd2 d5 14.c5 Bd7 
15.f3 Rfe8 16.Bd3 e5 17.Rhe1 exd4 18.Ne2 Kf8 19.Nxd4 Rxe1 20.Rxe1 Re8 21.
Rc1 Rc8 22.b4 a6 23.Rc3 Bc6 24.Bf5 Rc7 25.Bc2 g6 26.a4 Be8 27.Bb3 Ng8 28.
b5 axb5 29.axb5 Ne7 30.Ke3 Kg7 31.h4 Kf6 32.g4 h6 33.f4 Bd7 34.g5+ Kg7 35.
Bc2 Be8 36.f5 hxg5 37.hxg5 gxf5 38.Bxf5 Bxb5 39.Nxb5 Nxf5+ 40.Kf4 d4 41.
Rc1 Rc6 42.Kxf5 b6 43.Nxd4 Rxc5+ 44.Rxc5 bxc5 45.Nb5 c4 46.Nc3 Kg8 47.Ke5 
Kg7 48.Kf5 Kh7 49.Kf6 Kg8 50.Ke5 Kg7 51.Kd4 Kg6 52.Kxc4 Kf5 53.Kd3 Kg4 54.
Kd4 Kf5 55.Ke3 Kg4 56.Ke2 Kf5 57.Kd3 1/2-1/2

[Event "II Scaccomatto A"]
[Site "Torino ITA"]
[Date "1998.04.28"]
[Round "4"]
[White "Astengo, Corrado"]
[Black "Sacchini, Michele"]
[Result "1-0"]
[WhiteElo "2180"]
[BlackElo "2030"]
[PlyCount "127"]
[EventDate "1998.04.25"]

1.e4 c5 2.Nf3 Nc6 3.d4 cxd4 4.Nxd4 Qb6 5.Nb3 Nf6 6.Nc3 e6 7.Be3 Qc7 8.f4 
d6 9.Qf3 a6 10.a4 b6 11.Be2 Bb7 12.O-O Be7 13.Qg3 Nb4 14.Bd3 h5 15.a5 h4 
16.Qe1 Nd7 17.axb6 Nxb6 18.Nb5 axb5 19.Qxb4 O-O 20.Qxb5 Nd7 21.Na5 Ba6 22.
Qc6 Rfc8 23.Bxa6 Qxc6 24.Nxc6 Rxc6 25.Bb5 Rxa1 26.Rxa1 Rc7 27.Ra8+ Kh7 28.
Ra7 Rxa7 29.Bxa7 Nc5 30.Bc6 e5 31.f5 g6 32.b4 Na6 33.fxg6+ Kxg6 34.c3 Bd8 
35.b5 Nc5 36.Bb8 Bb6 37.Kf1 Na4 38.Bxd6 Nxc3 39.Bxe5 Na4 40.Ke2 f6 41.Bf4 
Kf7 42.Be3 Bc7 43.h3 Kg6 44.Kf3 Nb6 45.Kg4 Nc4 46.Be8+ Kg7 47.Bf2 Bd8 48.
Bc6 Kg6 49.Bxh4 Ne5+ 50.Kf4 Bc7 51.Be8+ Kg7 52.Kf5 Bd8 53.b6 Nc4 54.Ke6 
Nxb6 55.e5 Kf8 56.Bc6 Nc4 57.exf6 Ba5 58.Bg5 Bd2 59.Bxd2 Nxd2 60.g4 Nf1 
61.g5 Ng3 62.Bf3 Nf1 63.g6 Nd2 64.Bd5 1-0

[Event "II Scaccomatto A"]
[Site "Torino ITA"]
[Date "1998.04.28"]
[Round "4"]
[White "Castaldo, Folco"]
[Black "Rossi, Carlo"]
[Result "0-1"]
[WhiteElo "2155"]
[BlackElo "2330"]
[PlyCount "80"]
[EventDate "1998.04.25"]

1.e4 Nc6 2.Nf3 d6 3.d4 Nf6 4.Nc3 Bg4 5.Be3 g6 6.Be2 Bg7 7.h3 Bxf3 8.Bxf3 
O-O 9.O-O Nd7 10.Ne2 Na5 11.Qd3 c5 12.c3 Rc8 13.Rac1 Nc6 14.Rfd1 Qa5 15.
Qb1 Qa6 16.Nf4 Qa4 17.dxc5 Nxc5 18.Nd5 e6 19.b3 Qa3 20.Nf4 Rfd8 21.Be2 a6 
22.Bf1 b5 23.Ne2 b4 24.Nd4 bxc3 25.Rxc3 Nb4 26.Rc4 Nxa2 27.b4 Na4 28.Nc6 
Rxc6 29.Rxc6 N4c3 30.Qd3 Nxb4 31.Rxd6 Rf8 32.Qc4 Nxd1 33.Rxd1 Qa4 34.Bc5 
Qxd1 35.Bxb4 Rb8 36.Be7 Qd7 37.Bg5 h6 38.Be3 a5 39.Qa6 Rb1 40.Qxa5 Qd3 0-1

[Event "II Scaccomatto A"]
[Site "Torino ITA"]
[Date "1998.04.28"]
[Round "4"]
[White "Cebalo, Miso"]
[Black "David, Alberto"]
[Result "1-0"]
[WhiteElo "2515"]
[BlackElo "2525"]
[PlyCount "78"]
[EventDate "1998.04.25"]

1.Nf3 Nf6 2.c4 g6 3.Nc3 Bg7 4.e4 d6 5.d4 O-O 6.Be2 e5 7.O-O Nc6 8.Be3 Ng4 
9.Bg5 f6 10.Bc1 exd4 11.Nxd4 Nxd4 12.Qxd4 Kh8 13.Qd1 Nh6 14.Be3 Be6 15.h3 
c6 16.Qd2 Nf7 17.f4 f5 18.exf5 gxf5 19.Rad1 Qf6 20.Rfe1 a6 21.Bd4 Qxd4+ 
22.Qxd4 Bxd4+ 23.Rxd4 Rad8 24.Bh5 c5 25.Rd2 Bxc4 26.b3 Bb5 27.Nxb5 axb5 
28.Re7 Kg7 29.Rxb7 Rb8 30.Rxb8 Rxb8 31.Bxf7 Kxf7 32.Rxd6 c4 33.Rc6 Ra8 34.
Rc5 Rxa2 35.Rxf5+ Ke6 36.Rxb5 cxb3 37.Rxb3 Kf5 38.Rb4 h5 39.Rb5+ Kg6 1-0

[Event "II Scaccomatto A"]
[Site "Torino ITA"]
[Date "1998.04.28"]
[Round "4"]
[White "Crea, Vincenzo"]
[Black "Burlando, Alessandro"]
[Result "1-0"]
[WhiteElo "2120"]
[BlackElo "2112"]
[PlyCount "160"]
[EventDate "1998.04.25"]

1.d4 Nf6 2.Nf3 g6 3.Bf4 Bg7 4.e3 O-O 5.Be2 d6 6.h3 c5 7.c3 b6 8.Nbd2 Bb7 
9.Qb1 Nc6 10.O-O e5 11.Bh2 Qe7 12.dxe5 dxe5 13.Nc4 Nd5 14.Rd1 Rad8 15.a4 
f6 16.Qa2 Kh8 17.Qb3 Nc7 18.Rxd8 Rxd8 19.Rd1 Bf8 20.Rxd8 Qxd8 21.Bg3 Qd5 
22.Qd1 Ba6 23.Qxd5 Nxd5 24.Ncxe5 Bxe2 25.Nxc6 f5 26.Nxa7 Bd1 27.Nc8 Bxa4 
28.c4 Bd7 29.Na7 Nb4 30.Bc7 Nd3 31.Ne5 Nxe5 32.Bxe5+ Bg7 33.Bxg7+ Kxg7 34.
Kf1 Kf6 35.Ke2 Ke5 36.Kd3 g5 37.f3 h5 38.g3 f4 39.gxf4+ gxf4 40.h4 fxe3 
41.Kxe3 Be6 42.b3 Bf5 43.b4 Be6 44.bxc5 bxc5 45.Nc6+ Kd6 46.Na5 Ke5 47.f4+
Kf5 48.Kf3 Bf7 49.Nb7 Bg8 50.Nd6+ Ke6 51.Ne4 Kf5 52.Ng3+ Kg6 53.f5+ Kh6 
54.Kf4 Bxc4 55.Ne4 Be2 56.Nxc5 Bg4 57.Ke5 Kg7 58.Ne4 Bd1 59.f6+ Kf7 60.
Nd6+ Kf8 61.Kf5 Bc2+ 62.Kg5 Bd1 63.Kg6 Be2 64.Nb7 Bd1 65.Nc5 Bg4 66.Nd3 
Bd1 67.Nf4 Bc2+ 68.Kxh5 Kf7 69.Kg5 Be4 70.h5 Bh7 71.Ng6 Bg8 72.Nh8+ Kf8 
73.h6 Bh7 74.Ng6+ Kf7 75.Ne5+ Ke6 76.Nf3 Kf7 77.Nd4 Kf8 78.Ne6+ Kf7 79.Nf4
Kf8 80.Ne6+ Kf7 1-0

[Event "II Scaccomatto A"]
[Site "Torino ITA"]
[Date "1998.04.28"]
[Round "4"]
[White "Faraoni, Enrico"]
[Black "Mordiglia, Riccardo"]
[Result "1-0"]
[WhiteElo "2190"]
[BlackElo "2115"]
[PlyCount "45"]
[EventDate "1998.04.25"]

1.f4 d5 2.Nf3 Nf6 3.e3 Bg4 4.b3 e6 5.Bb2 Nbd7 6.h3 Bxf3 7.Qxf3 Bd6 8.Nc3 
c6 9.g4 e5 10.O-O-O O-O 11.g5 Ne8 12.h4 Nc7 13.Bh3 b5 14.Ne2 Ne6 15.f5 Nc7
16.f6 g6 17.h5 a5 18.Bg4 Ne6 19.Bxe6 fxe6 20.hxg6 Nxf6 21.gxf6 Rxf6 22.Qh5
Qe7 23.gxh7+ 1-0

[Event "II Scaccomatto A"]
[Site "Torino ITA"]
[Date "1998.04.28"]
[Round "4"]
[White "Fittante, Giuliana"]
[Black "Squarci, Franco"]
[Result "1/2-1/2"]
[WhiteElo "2095"]
[BlackElo "1948"]
[PlyCount "30"]
[EventDate "1998.04.25"]

1.Nf3 c5 2.e3 Nc6 3.d4 cxd4 4.exd4 d5 5.c3 Nf6 6.Bd3 e6 7.Bf4 Be7 8.Nbd2 
h6 9.Qe2 a6 10.a4 g5 11.Be5 Nxe5 12.Nxe5 h5 13.Ndf3 Nd7 14.Nxd7 Bxd7 15.
Ne5 Bf6 1/2-1/2

[Event "II Scaccomatto A"]
[Site "Torino ITA"]
[Date "1998.04.28"]
[Round "4"]
[White "Lampic, Teo"]
[Black "Cacco, Christian"]
[Result "1/2-1/2"]
[WhiteElo "2295"]
[BlackElo "2180"]
[PlyCount "76"]
[EventDate "1998.04.25"]

1.e4 c5 2.c3 Nf6 3.e5 Nd5 4.d4 cxd4 5.cxd4 g6 6.Bc4 Nb6 7.Bb3 Bg7 8.a4 a5 
9.f4 d6 10.Nf3 dxe5 11.fxe5 Nc6 12.O-O O-O 13.h3 Nb4 14.Nc3 N6d5 15.Ng5 f6
16.exf6 exf6 17.Nxd5 Nxd5 18.Qf3 fxg5 19.Qxd5+ Qxd5 20.Bxd5+ Kh8 21.Rxf8+ 
Bxf8 22.Bxg5 Bg7 23.Be3 Bd7 24.b3 Rc8 25.Re1 b5 26.axb5 Bxb5 27.Be6 Rc3 
28.Bf2 Rd3 29.Bc4 Bxc4 30.bxc4 Bxd4 31.Bxd4+ Rxd4 32.Rc1 Kg7 33.Kf2 Kf6 
34.Ke3 Ke5 35.c5 Rd7 36.c6 Rc7 37.Rc5+ Ke6 38.Kf4 h6 1/2-1/2